000 00600nam a22002417a 4500
003 UA-OsUOA
001 74570
007 ta
008 20110412b un ||||| |||| 00| 0 ukr d
100 _aСтруцюк Й.Г.
090 _a821.161.2
_bС87
942 _cBK
040 _aUA-OsUOA
_bukr
_cUA-OsUOA
_dUA-OsUOA
245 _aОд Гучви до Стоходу
_bдилогія
300 _a332 с.
955 _a3
041 _aukr
080 _a821.161.2
020 _a978-966-361-140-2
260 _aЛуцьк
_bВолинська книга
_c2007
650 7 _2UDC
999 _c360860
_d360860